[Event "83rd ESP-ch Women-ch 2018"]
[Site "Linares"]
[Date "2018.08.23"]
[Round "4"]
[White "Calzetta Ruiz, Monica"]
[Black "Vergara Anton, Diego"]
[Result "0-1"]
[WhiteElo "2302"]
[BlackElo "2022"]
[Annotator "TA"]
[PlyCount "60"]
[EventDate "2018.08.09"]
[EventType "tourn"]
[EventCountry "ESP"]
[SourceTitle "playchess.com"]
[Source "ChessBase"]
[SourceQuality "1"]

{[%evp 17,60,0,18,-21,-25,-23,-23,-23,-23,-23,-29,-11,-20,-9,-9,-16,0,0,0,0,-2,0,0,-10,8,8,8,6,11,10,11,16,12,0,10,0,0,0,0,0,0,0,0,0,0]} 1. e4 e6 2. d4 d5 3. Nd2 c5 4. Ngf3 cxd4 5. Nxd4 Nf6 6. exd5 Nxd5 7. N2f3 {C07: French Tarrasch: 3...c5, 4 Ngf3 and 4 exd5 Qxd5} Bb4+ 8. Bd2 O-O 9. Be2 (9. c3 Be7 10. Bd3 b6 11. O-O Bb7 12. Qe2 Nc6 13. Rad1 Nxd4 14. Nxd4 Bf6 {0-1 (38) Gao,R (2561)-Yu,Y (2759) Tianjin 2018}) 9... Qe7 {LiveBook: 5 Games} (9... Qb6 {keeps more tension.} 10. c3 Bc5 11. O-O Qxb2 12. Rb1 Qxa2 13. Nb5 a6) 10. O-O (10. c3 $5 {[%cal Rc3b4]} Bd6 11. O-O $11) 10... Bxd2 $146 ({Predecessor:} 10... Rd8 11. c3 Bc5 12. Re1 Bxd4 13. Nxd4 e5 14. Bf3 f6 {½-½ (33) Alekseenko,K (2552)-Chigaev,M (2551) St Petersburg 2016}) 11. Qxd2 e5 12. Nb5 Rd8 13. Nxe5 Qxe5 14. c4 Nc6 {The position is equal.} 15. cxd5 Rxd5 16. Qe3 Be6 17. Qxe5 Rxe5 18. Nc3 Nd4 19. Bd3 $1 Rd8 20. Rfd1 Bf5 21. Bxf5 Rxf5 22. Kf1 Re5 23. Rd2 {[#] Hoping for Rad1.} Ree8 24. Rad1 Nc6 25. Nd5 Kf8 26. b4 Ne5 27. Rd4 Nc6 28. R4d2 Ne5 29. Rd4 Nc6 30. R4d2 Ne5 {[%mdl 32768] Precision: White = 60%, Black = 61%. . Loss on Time!?} 0-1

[Event "83rd ESP-ch Women-ch 2018"]
[Site "Linares"]
[Date "2018.08.23"]
[Round "4"]
[White "Diaz Castro, Sergio"]
[Black "Lopez Varela, Pablo"]
[Result "0-1"]
[WhiteElo "2289"]
[BlackElo "2100"]
[Annotator "TA"]
[PlyCount "70"]
[EventDate "2018.08.09"]
[EventType "tourn"]
[EventCountry "ESP"]
[SourceTitle "playchess.com"]
[Source "ChessBase"]
[SourceQuality "1"]

{[%evp 18,70,29,25,41,26,42,31,51,38,38,41,42,35,36,39,29,37,36,17,40,29,37,35,33,-166,-177,-144,-140,-142,-42,-135,-135,-334,-329,-386,-268,-343,-349,-353,-339,-507,-502,-476,-434,-531,-514,-439,-427,-542,-554,-557,-540,-641,-616]} 1. e4 e5 2. Nf3 d6 3. d4 exd4 4. Nxd4 Nf6 5. Nc3 Be7 6. g3 Nc6 {C41: Philidor Defence} (6... O-O 7. Bg2 Re8 8. O-O Bf8 9. h3 Nbd7 10. Re1 c5 11. Nf5 Ne5 12. Bg5 h6 13. Bxf6 Qxf6 14. Nd5 Qd8 {½-½ (32) Oparin,G (2602)-Mamedyarov,S (2799) Moscow 2017}) 7. Bg2 Nxd4 8. Qxd4 O-O 9. Bf4 Be6 10. O-O {LiveBook: 3 Games} Qd7 11. Rfe1 $146 ({Predecessor:} 11. Rad1 Rfe8 12. e5 dxe5 13. Qxe5 Bd6 14. Qd4 Bxf4 15. Qxf4 Qc8 16. Nb5 {1-0 (33) Bok,B (2591)-Seel,C (2474) Berlin 2015}) 11... a6 12. Rad1 Rad8 13. e5 dxe5 14. Qxe5 Bd6 15. Qa5 Qc8 16. Bxd6 cxd6 17. Qb6 d5 18. Rd2 Qc6 19. Qd4 h6 20. Re5 {[%cal Rc3d5]} Rfe8 21. Nxd5 $2 ({Don't play} 21. Bxd5 Bxd5 22. Nxd5 Rxe5 $11) (21. a3 $14 {stays ahead.}) 21... Bxd5 $19 22. Rxe8+ Qxe8 23. c4 {[%cal Rg2d5]} Qe1+ 24. Bf1 {[#]} Rd7 $1 ({Stronger than} 24... Ne4 25. Rd1 $16) 25. Rd1 $2 (25. cxd5 $17 {was the only chance.} Rxd5 26. Qxd5 Nxd5 27. Rxd5) 25... Bf3 $1 {[%csl LRd1,LRd4]} 26. Qxd7 {Strongly threatening Qc8+.} Qxd1 27. Qc8+ Kh7 28. Qf5+ Kh8 {[#] ...Be4 is the strong threat.} 29. Qc8+ (29. Qd3 {only move.}) 29... Ng8 {Hoping for ...Be4.Black is clearly winning.} 30. Qe8 Qb1 31. a4 Qxb2 32. Qxf7 Qf6 33. Qe8 Bc6 34. Qe3 Bxa4 35. h3 Bc6 {Precision: White = 38%, Black = 71%.} 0-1

[Event "83rd ESP-ch Women-ch 2018"]
[Site "Linares"]
[Date "2018.08.23"]
[Round "4"]
[White "Esquivias Quintero, Luis Manuel"]
[Black "Arizmendi Martinez, Julen Luis"]
[Result "1/2-1/2"]
[WhiteElo "2260"]
[BlackElo "2507"]
[Annotator "TA"]
[PlyCount "85"]
[EventDate "2018.08.09"]
[EventType "tourn"]
[EventCountry "ESP"]
[SourceTitle "playchess.com"]
[Source "ChessBase"]
[SourceQuality "1"]

{[%evp 28,85,58,48,51,66,50,50,108,111,121,89,71,-28,-28,-63,0,-50,-45,-43,-43,-46,-41,-53,-46,-34,-41,-21,-20,-35,-20,-34,-35,-88,-76,-110,-115,-130,-131,-140,-140,-214,-133,-189,-159,-213,-214,-222,-222,-202,-210,-163,-116,-167,0,0,0,0,0,0]} 1. e4 c5 2. Nf3 Nc6 3. d4 cxd4 4. Nxd4 g6 5. c4 Nf6 6. Nc3 Nxd4 7. Qxd4 d6 8. Be3 Bg7 9. f3 O-O 10. Qd2 a5 11. b3 {[%cal Bb2b3,Bb3b4][%mdl 32]} Bd7 12. Be2 Bc6 13. O-O Nd7 14. Rab1 Nc5 15. a3 {LiveBook: 6 Games. B39: Sicilian: Maroczy Bind with 5...Bg7 and 7...Ng4} (15. Rfd1 Be5 16. Qe1 Qc7 17. Nd5 Bxd5 18. cxd5 Rfc8 19. Rdc1 Qb6 20. Qd1 Bf4 21. Qd4 Bxe3+ 22. Qxe3 Na4 23. Qxb6 Nxb6 {½-½ (37) Wojtaszek,R (2701)-Lenic,L (2621) Legnica 2013}) 15... a4 16. b4 Nb3 17. Qd3 {White is slightly better.} f5 $146 (17... Qc7 $14) ({Predecessor:} 17... e5 18. b5 Be8 19. Nd5 Nd4 20. Bxd4 exd4 21. f4 Bd7 22. f5 Be5 {½-½ (22) Delorme,A (2078)-Maze,S (2364) Agneaux 2002}) 18. exf5 $16 Rxf5 19. Bd1 d5 20. Nxd5 ({White should try} 20. cxd5 $16 e6 21. Bxb3 axb3 22. Rxb3) 20... b5 $11 {Hoping for ...bxc4.} 21. Qe2 {And now Bb6 would win.} Nd4 ({Black should play} 21... Re5 $1 $15 22. Rf2 bxc4) 22. Qf2 Bxd5 23. cxd5 Rxd5 24. Kh1 Rc8 25. Qa2 Kh8 26. Rc1 Rxc1 27. Bxc1 Qd7 28. f4 Bf6 29. Bg4 Qd6 30. Be3 {[#]} (30. Qf2 $15) 30... h5 $1 $17 {[%cal Rh5g4]} 31. Bh3 Kg7 32. Qf2 Nf5 33. Bc5 {[#]} Qd7 $1 34. Qe2 (34. Be3 $17) 34... Kf7 35. Re1 (35. Bxf5 $17 Rxf5 36. h3) 35... Rd2 $19 36. Qe4 (36. Qf1 $17) 36... Rd1 37. Qe2 Rxe1+ 38. Qxe1 Qd3 39. Qc1 Qe4 40. Bg1 (40. Qf1 $17 {might work better.}) 40... Bd4 $2 (40... Qe6 $19 41. Qc5 Qd7) 41. Bxf5 $1 $11 {The position is equal.} gxf5 42. Bxd4 Qxd4 43. h3 {Precision: White = 37%, Black = 70%.} 1/2-1/2

[Event "83rd ESP-ch Women-ch 2018"]
[Site "Linares"]
[Date "2018.08.23"]
[Round "4"]
[White "Jimenez Bernal, Francisco"]
[Black "Garriga Cazorla, Pere"]
[Result "0-1"]
[WhiteElo "2250"]
[BlackElo "2444"]
[Annotator "TA"]
[PlyCount "90"]
[EventDate "2018.08.09"]
[EventType "tourn"]
[EventCountry "ESP"]
[SourceTitle "playchess.com"]
[Source "ChessBase"]
[SourceQuality "1"]

{[%evp 23,90,0,16,-24,-20,-13,-7,-16,-17,-31,40,28,14,-28,-31,-34,-25,-54,-44,-110,-91,-86,-81,-82,-96,-156,-75,-70,-83,-168,-169,-119,-58,-183,-183,-181,-191,-184,-191,-175,-181,-386,-381,-468,-498,-493,-490,-484,-483,-431,-256,-233,-208,-364,-277,-277,-277,-363,-344,-386,-345,-385,-370,-439,-418,-461,-454,-745,-378]} 1. Nf3 c5 2. c4 Nc6 3. d4 cxd4 4. Nxd4 e6 {[%cal Be7e6,Be6e5][%mdl 32]} 5. Nc3 Nf6 6. Ndb5 d6 7. Bf4 e5 8. Bg5 a6 9. Bxf6 gxf6 10. Na3 f5 11. e3 {A33: Symmetrical English: 2 Nf3 Nf6 3 d4 cxd4 4 Nxd4 e6 5 Nc3 Nc6} (11. Qd2 Be6 12. Rd1 Bg7 13. e3 O-O 14. Be2 Qa5 15. Nd5 Qxd2+ 16. Rxd2 e4 17. O-O Bxd5 18. cxd5 Ne5 {½-½ (35) Shimanov,A (2625)-Grigoryan,K (2595) Katowice 2014}) 11... Be6 12. Qd2 Rc8 {LiveBook: 5 Games} 13. Nd5 {The position is equal.} Bg7 14. Be2 Ne7 $146 ({Predecessor:} 14... O-O 15. O-O Kh8 16. Rad1 Rg8 17. f4 Qh4 18. g3 Qh6 {1-0 (31) Sloth,J (2338)-Pilgaard,K (2403) Denmark 2014}) 15. O-O O-O 16. Rfd1 Ng6 (16... Bxd5 $15 17. cxd5 Rc5) 17. Rab1 f4 18. e4 Qg5 19. Kh1 Kh8 (19... Bxd5 $6 20. Qxd5 Rc6 21. Nc2 $14) 20. Nc2 f5 ({Reject} 20... Nh4 21. g3 $11) (20... Bxd5 $6 21. Qxd5 Rc6 22. b3 $16) 21. Bd3 (21. f3 $15) 21... fxe4 $40 {[%mdl 128] Black wants a kill.} 22. Bxe4 Rxc4 23. f3 Nh4 24. b3 (24. Nc3 $142) 24... Rc5 (24... Rxe4 $142 $1 25. fxe4 Qg4) 25. Ne1 $17 Nf5 26. Bxf5 (26. Rbc1 $17) 26... Rxd5 $19 ({Don't do} 26... Qxf5 27. Ne7 $17) 27. Bd3 Rc5 {[#]} (27... Qh4 $17 {Strongly threatening ...Rf6.} 28. Qb4 Rf7) 28. Be4 (28. Bxa6 $1 $15 {[%mdl 512]} Rd5 (28... bxa6 29. Qxd6) 29. Bd3) 28... d5 $1 {[%cal Rd5e4]} 29. Qf2 {[#]} Qe7 $1 ({Inferior is} 29... dxe4 30. Qxc5 e3 31. Rbc1 $15) 30. Bc2 Rc3 31. b4 Rfc8 32. Bb3 $2 (32. a4) 32... Bf5 33. Bxd5 Bxb1 34. Rxb1 Rc1 35. Rxc1 Rxc1 36. Qd2 Qc7 (36... Ra1 $142 {( -> ...Qh4)} 37. Kg1 Qd7) 37. Be4 Bf8 38. h3 $2 (38. g3) 38... Qc3 39. Qxc3 Rxc3 {[%mdl 4096] Endgame KRB-KBN} 40. Nd3 Bd6 41. Kh2 b6 42. h4 Kg7 43. Kh3 h5 44. g4 fxg3 45. Kxg3 (45. a4 $142) 45... Ra3 {Precision: White = 27%, Black = 61%.} 0-1

[Event "83rd ESP-ch Women-ch 2018"]
[Site "Linares"]
[Date "2018.08.23"]
[Round "4"]
[White "Sanchez Jerez, Emilio Miguel"]
[Black "Pablos Tenrero, Raquel"]
[Result "1-0"]
[WhiteElo "2246"]
[BlackElo "2015"]
[Annotator "TA"]
[PlyCount "147"]
[EventDate "2018.08.09"]
[EventType "tourn"]
[EventCountry "ESP"]
[SourceTitle "playchess.com"]
[Source "ChessBase"]
[SourceQuality "1"]

{[%evp 10,147,20,12,28,17,39,45,47,37,41,34,38,-12,0,-2,7,0,0,0,0,0,0,0,0,0,0,0,0,0,54,58,47,44,67,51,51,39,59,52,45,52,77,72,106,100,109,101,160,159,199,205,290,294,313,308,314,320,422,394,410,281,367,265,313,187,223,195,187,187,187,185,193,151,263,260,236,253,211,231,311,311,355,341,354,347,345,320,291,269,357,347,386,386,386,386,386,386,362,330,368,289,415,395,358,294,672,659,658,645,653,650,638,605,1258,1179,1340,1229,1694,1483,2481,2389,2364,2134,29971,29972,29971,29973,29973,29974,29971,29973,29978,29979,29979,29980,29980,29981,29980,29978]} 1. c4 e5 2. g3 Nf6 3. Bg2 d6 4. Nc3 Be7 5. Nf3 c6 6. d3 {LiveBook: 15 Partien} Bg4 {A22: Englische Eröffnung} 7. O-O Nbd7 8. h3 Bxf3 {Weiß steht etwas besser.} 9. Bxf3 O-O 10. e4 $146 ({Vorgänger:} 10. Bg2) 10... Nc5 11. d4 exd4 12. Qxd4 Nfd7 13. Bg2 Ne5 14. b3 Bf6 15. Qe3 Ned3 16. Bd2 a5 17. Rab1 Nb4 18. Rfd1 Qe7 19. Qe2 Nc2 (19... Nbd3 $11) 20. Bf4 $14 Nd4 21. Qd2 Rfd8 22. Be3 Nde6 {[%cal Bd4e6,Be6f8,Bf8g6,Bg6e5][%mdl 32]} 23. Qc2 Re8 24. h4 Nf8 25. f3 {[%cal Bf2f3,Bf3f4][%mdl 32]} Ng6 26. Rd2 Red8 27. Nd1 {[%cal Bc3d1,Bd1f2,Bf2e4][%mdl 32]} Ne5 28. Nf2 h5 (28... Ne6 $142) 29. f4 $16 Ned7 {[#]} 30. Rbd1 $1 Ne6 (30... Qe8 {war nötig.} 31. Rxd6 Be7) 31. Rxd6 $18 Qe8 32. e5 Be7 33. Ne4 Ndf8 34. Rxd8 Rxd8 35. Bb6 Rd7 36. Bf3 g6 37. Rxd7 (37. Bxa5 Nd4 $16) (37. Nd6 $142 Bxd6 38. exd6) 37... Qxd7 38. Qd1 ({Viel schwächer ist} 38. Bxa5 $6 Nd4 $16) 38... Qxd1+ 39. Bxd1 Bb4 40. Nf6+ Kg7 41. Kf1 Nh7 (41... Nc5 $16 42. Ne8+ Kg8) 42. Ne8+ Kf8 43. Nd6 Bxd6 44. exd6 {[%mdl 4096] Endspiel KLL-KSS} Ke8 45. f5 ({Jedoch nicht} 45. Bxa5 $6 Nf6 $18) 45... gxf5 46. Bxh5 ({Nicht} 46. Bxa5 Nf6 $16) 46... Nf6 47. Bf3 Kd7 48. Bxa5 Kxd6 49. Bc3 Ke7 50. Ke2 Nc5 51. Bb4 Nfd7 52. Ke3 Kf6 53. Bc3+ Kg6 54. b4 Ne6 55. c5 f6 (55... Nf6 $142 56. a4 Ng4+ 57. Kd2 f6) 56. a4 {[%cal Ba2a4,Ba4a5][%mdl 32]} Ne5 57. Be2 Nd7 $2 (57... Ng4+ 58. Kf3 Nh2+ 59. Kg2 Ng4) 58. Bd3 Nc7 59. g4 {[%cal Bg3g4,Bg4f5][%mdl 32]} Nd5+ 60. Kd2 Ne7 61. a5 Kh6 62. Bxf5 Nxf5 63. gxf5 {KL-KS} Kh5 64. Ke3 Kxh4 65. Kf4 Kh5 66. Bd4 Kh6 {[#]} 67. b5 $1 {[%mdl 512] Weiß setzt Matt.} Nb8 (67... cxb5 68. a6) 68. a6 bxa6 69. bxc6 Nxc6 70. Bxf6 Kh7 71. Ke4 Kg8 72. Kd5 Nb4+ 73. Kd6 Kf7 74. Bc3 {Precision: Weiß = 79%, Schwarz = 34%.} 1-0

[Event "83rd ESP-ch Women-ch 2018"]
[Site "Linares"]
[Date "2018.08.23"]
[Round "4"]
[White "Orantes Taboada, Francisco"]
[Black "Suarez Uriel, Adrian"]
[Result "0-1"]
[WhiteElo "2242"]
[BlackElo "2391"]
[Annotator "NA RC"]
[PlyCount "82"]
[EventDate "2018.08.09"]
[EventType "tourn"]
[EventCountry "ESP"]
[SourceTitle "playchess.com"]
[Source "ChessBase"]
[SourceQuality "1"]
[TimeControl "40/5400+30:1800+30"]

1. e4 {[%emt 0:00:00]} d6 {[%emt 0:00:00]} 2. d4 {[%emt 0:00:00]} Nf6 {[%emt 0:00:00]} 3. Nc3 {[%emt 0:00:03]} e5 {[%emt 0:00:00]} 4. Nf3 {[%emt 0:00:28]} Nbd7 {[%emt 0:00:00]} 5. dxe5 {[%emt 0:00:29]} dxe5 {[%emt 0:01:06]} 6. Bc4 {[%emt 0:00:15]} Bc5 {[%emt 0:00:38] C41: Philidor-Verteidigung} 7. O-O {[%emt 0:01:16]} O-O {[%emt 0:00:07]} 8. a4 {[%emt 0:00:10]} c6 {[%emt 0:01:46]} 9. Bg5 {[%emt 0:13:39]} h6 {[%emt 0:04:36]} 10. Bd2 {[%emt 0:13:03]} a5 {[%emt 0:01:17]} 11. Qe2 {[%emt 0:10:49]} Re8 $146 {[%emt 0:02:36]} ({Vorgänger:} 11... Nh5 12. Bb3 Qf6 13. Ne1 Nf4 14. Qf3 {0-1 (50) Blasl,D (2119)-Moser,E (2361) Schwarzach 2005}) 12. Rad1 {[%emt 0:08:08]} Qb6 {[%emt 0:12:34]} 13. Nh4 {[%emt 0:04:54]} Nf8 {[%emt 0:00:11]} 14. Nf5 {[%emt 0:00:27]} Be6 {[%emt 0:01:57]} 15. Bxe6 {[%emt 0:01:45]} Nxe6 {[%emt 0:00:45]} 16. Qf3 {[%emt 0:03:08]} Nd4 {[%emt 0:11:12]} 17. Nxh6+ {[%emt 0:01:19]} gxh6 {[%emt 0:00:03]} 18. Qxf6 {[%emt 0:01:44]} Re6 {[%emt 0:00:02]} 19. Qh4 {[%emt 0:00:41]} Qxb2 {[%emt 0:00:55]} 20. Kh1 {[%emt 0:07:51]} Qxc2 {[%emt 0:16:52]} 21. f4 {[%emt 0:00:31]} exf4 {[%emt 0:00:13]} 22. Rxf4 {[%emt 0:00:46]} Rg6 {[%emt 0:00:51]} 23. Rg4 {[%emt 0:00:32]} Qb3 {[%emt 0:10:55]} 24. Rf1 {[%emt 0:02:19]} Qe6 {[%emt 0:00:41]} 25. Rxg6+ {[%emt 0:16:58]} fxg6 {[%emt 0:00:12]} 26. Bxh6 {[%emt 0:02:22]} Be7 {[%emt 0:01:12]} 27. Bg5 {[%emt 0:01:28]} Rf8 {[%emt 0:00:42]} 28. Rxf8+ {[%emt 0:02:48]} Bxf8 {[%emt 0:00:02]} 29. Bf6 {[%emt 0:00:46]} Nc2 {[%emt 0:06:35]} 30. e5 {[%emt 0:03:45]} Bg7 {[%emt 0:02:26]} 31. Ne4 {[%emt 0:01:46]} Qc4 {[%emt 0:03:29]} 32. h3 {[%emt 0:00:59]} Ne3 {[%emt 0:00:15]} 33. Qf2 {[%emt 0:00:47]} Qxe4 {[%emt 0:00:13]} 34. Bxg7 {[%emt 0:00:04]} Qxg2+ {[%emt 0:02:50]} 35. Qxg2 {[%emt 0:00:02]} Nxg2 {[%emt 0:00:06]} 36. Bf6 {[%emt 0:00:02]} Ne3 {[%emt 0:00:20]} 37. e6 {[%emt 0:00:33]} b5 {[%emt 0:00:23]} 38. Kh2 {[%emt 0:01:33]} bxa4 {[%emt 0:01:00]} 39. Kg3 {[%emt 0:00:17]} a3 {[%emt 0:00:57]} 40. Kh4 {[%emt 0:00:21]} Nd5 $19 {[%emt 0:00:51]} 41. Ba1 {[%emt 0:30:17]} Nf4 {[%emt 0:32:07]} 0-1

[Event "83rd ESP-ch Women-ch 2018"]
[Site "Linares"]
[Date "2018.08.23"]
[Round "4"]
[White "Carretero Ortiz, Francisco"]
[Black "Vega Gutierrez, Sabrina Neide"]
[Result "0-1"]
[WhiteElo "2241"]
[BlackElo "2390"]
[Annotator "TA"]
[PlyCount "64"]
[EventDate "2018.08.09"]
[EventType "tourn"]
[EventCountry "ESP"]
[SourceTitle "playchess.com"]
[Source "ChessBase"]
[SourceQuality "1"]

{[%evp 11,64,13,18,16,58,23,38,24,74,52,67,56,88,74,76,70,141,64,64,0,12,0,0,0,0,0,0,0,0,-27,0,0,0,0,0,0,0,0,123,127,118,117,143,0,118,-15,-28,-85,-81,-651,-642,-638,-615,-941,-897]} 1. e4 c5 2. g3 Nc6 3. Bg2 Nf6 4. Ne2 e5 5. Nbc3 d6 6. d3 Be7 {LiveBook: 20 Games} 7. f4 {B24: Closed Sicilian: 3 g3 sidelines} (7. O-O Nd4 8. h3 Bd7 9. Nxd4 cxd4 10. Ne2 Rc8 11. c3 dxc3 12. Nxc3 O-O 13. Be3 a6 14. d4 b5 15. a3 {½-½ (45) Perez Candelario,M (2569)-Vachier Lagrave,M (2722) Linares 2013}) 7... exf4 8. Bxf4 Bg4 9. Qd2 {White is slightly better.} Qd7 $146 ({Predecessor:} 9... O-O 10. O-O Qd7 {0-1 (58) Haecker,S (2064)-Petrenko,S (2265) Germany 2010}) 10. h3 Be6 11. g4 h6 12. d4 d5 13. O-O-O O-O-O (13... Rd8 $14) 14. dxc5 ({Better is} 14. Qe1 $1 $16) 14... d4 $1 $14 15. Nb5 (15. Bh2 $14) 15... Bxc5 $11 16. b4 Bc4 17. bxc5 Bxb5 18. Bd6 Bxe2 $1 19. Qxe2 {aiming for e5.} Qe6 $1 20. Rd3 Qxa2 21. Rb3 {Hoping for Rxb7!} Na5 22. Rb2 Qa1+ 23. Rb1 Qa3+ 24. Kd1 Ne8 (24... Qa2 $11 25. Qb5 d3) 25. e5 $16 {And now Qb5 would win.} Nxd6 26. cxd6 {Black must now prevent Qb5.} Rd7 {[#]} 27. Qb5 (27. Be4 $1 $16) 27... Qc3 (27... a6 $11 {keeps the balance.} 28. Qb6 Kb8 29. Qxa6 (29. Qxd4 Rc8 $15) 29... Qc3) 28. Be4 (28. Rf1 $16 {Rf3 is the strong threat.} Nc4 29. Bxb7+ Kd8 30. Rf2) 28... Nc4 $11 {[%csl Gc4][%cal Rc3d2]} 29. Rh2 {[#]} (29. Qb4 $1 $11 Kb8 30. Re1) 29... Na3 $1 $40 {[%cal Ra3b5,Bc4a3,Ba3b1,Bb1c3][%mdl 160] Black wants a kill.} 30. Qa4 $2 {[%mdl 8192]} (30. Qxd7+ $17 Kxd7 31. Rxb7+ Kc8 32. Rxa7) 30... Nxb1 $19 {Black is clearly winning.} 31. Qxa7 {[%cal Ra7a8]} Qa3 32. Qxd4 Nc3+ {Precision: White = 19%, Black = 53%.} 0-1

[Event "83rd ESP-ch Women-ch 2018"]
[Site "Linares"]
[Date "2018.08.23"]
[Round "4"]
[White "Blazquez Gomez, Juan Carlos"]
[Black "Blazquez Gomez, Miguel"]
[Result "1/2-1/2"]
[WhiteElo "2240"]
[BlackElo "1998"]
[Annotator "TA"]
[PlyCount "62"]
[EventDate "2018.08.09"]
[EventType "tourn"]
[EventCountry "ESP"]
[SourceTitle "playchess.com"]
[Source "ChessBase"]
[SourceQuality "1"]

{[%evp 23,62,8,0,0,0,-6,12,0,6,6,7,6,7,8,10,11,19,12,18,13,13,13,34,8,9,9,14,8,9,11,20,13,19,8,10,10,10,0,7,0,10]} 1. e4 {Hansen,Cu} e6 2. d4 d5 3. Nc3 Nf6 4. Bg5 dxe4 5. Nxe4 Nbd7 6. Nf3 Be7 7. Nxf6+ Bxf6 8. Qd2 Bxg5 9. Nxg5 Nf6 10. Be2 {[%cal Bf1e2,Be2f3,Bf3e4][%mdl 32]} Qd6 11. O-O-O O-O 12. Bf3 {C13: French: Classical System: 4 Bg5 Be7, Alekhine-Chatard Attack} Rb8 {LiveBook: 5 Games} 13. Ne4 Nxe4 14. Bxe4 Bd7 {[#]} 15. g3 $146 ({Predecessor:} 15. Qe3 Bc6 16. f3 Rfd8 17. Bd3 b5 18. Kb1 b4 19. h4 Kh8 {½-½ (83) Karpov,A (2730)-Bareev,E (2680) Tilburg 1991 CBM 026 [Hansen,Cu]}) 15... Bc6 16. d5 exd5 17. Bxd5 Bxd5 18. Qxd5 Qb6 19. Qf3 Rbe8 20. Rd2 Re7 21. Rhd1 Rfe8 22. b3 c6 23. Rd7 Qc5 {The position is equal.} 24. Rxe7 Qxe7 $11 {[%mdl 4096] Endgame KQR-KQR} 25. Kb2 Qe5+ 26. Qc3 Qxc3+ 27. Kxc3 Kf8 28. Rd7 Re7 $1 {[%cal Re7d7]} 29. Rd8+ Re8 30. Rd7 Re7 $1 {[%cal Re7d7]} 31. Rd8+ Re8 {Precision: White = 47%, Black = 73%.} 1/2-1/2